Victimological Narratives On Gender Violence (Record no. 39125)

MARC details
000 -LEADER
fixed length control field 00512nam a2200193Ia 4500
008 - FIXED-LENGTH DATA ELEMENTS--GENERAL INFORMATION
fixed length control field 220531s9999 xx 000 0 und d
041 ## - LANGUAGE CODE
Language code of text/sound track or separate title eng
082 ## - DEWEY DECIMAL CLASSIFICATION NUMBER
Item number BAJ / BAJ
100 ## - MAIN ENTRY--PERSONAL NAME
Personal name Bajpai, G. S. / Bajpai, M.
9 (RLIN) 69787
245 ## - TITLE STATEMENT
Title Victimological Narratives On Gender Violence
250 ## - EDITION STATEMENT
Edition statement 1ST
260 ## - PUBLICATION, DISTRIBUTION, ETC. (IMPRINT)
Place of publication, distribution, etc. New Delhi
Name of publisher, distributor, etc. Serials
Date of publication, distribution, etc. 2014
300 ## - PHYSICAL DESCRIPTION
Extent 508
542 ## - INFORMATION RELATING TO COPYRIGHT STATUS
Copyright holder 17-04-2015
551 ## -
-- Sociology
-- Non-grant-SCO
650 ## - SUBJECT ADDED ENTRY--TOPICAL TERM
Topical term or geographic name as entry element Sociology
9 (RLIN) 69788
906 ## - LOCAL DATA ELEMENT F, LDF (RLIN)
d 2015-2016
f 8110
Holdings
Withdrawn status Lost status Source of classification or shelving scheme Damaged status Not for loan Collection code Home library Current library Date acquired Vendor Cost, normal purchase price Total Checkouts Total Holds Full call number Barcode Date last seen Bill Date Koha item type Original Barcode
    Dewey Decimal Classification       Shri Siddhivinayak Mahila Mahavidyalaya Shri Siddhivinayak Mahila Mahavidyalaya 18/05/2015 Sagar 1795.00   1 /BAJ / BAJ/B/20593 SSMM-BK-20593 06/08/2022 06/08/2022 Books 010020593